000 00781nab a2200241 u 4500
001 15457
003 HDC
007 cr bn ---aaaaa
008 210218c20150403my dr|nes 0 a may d
040 _aHDC
245 0 _aPil mental jadi produk kecantikan
260 _aKuala Lumpur :
_bThe New Straits Times Press (M) Bhd.,
_c2015
336 _atext
_2rdacontent
337 _acomputer
_2rdamedia
338 _aonline resource
_2rdacarrier
650 _adrug abuse
_98197
650 _apsychotropic pills
_915664
710 _aHarian Metro
856 _zRequest full-text at [email protected]
942 _2lcc
942 _cNEWS
942 _kNWSC 005776
999 _c12773
_d12773